| 000 | 00755cad a22002055a 4500 | ||
|---|---|---|---|
| 001 | L153301 | ||
| 008 | 110707s2011 xxk f 000 0 eng d | ||
| 020 | _a9781409830245 | ||
| 035 | _a(Sirsi) u153301 | ||
| 041 | 0 | _aeng | |
| 110 | 2 |
_aBuilding Regulations Advisory Committee _9176 |
|
| 245 | 0 | 0 |
_aAnnual report 2010 _h[electronic resource] |
| 260 |
_aLondon _bDCLG _c2011 |
||
| 520 | _aReviews the advisory work carried out by the Building Regulations Advisory Committee in 2010. | ||
| 590 | _aKA NTK | ||
| 651 | 4 |
_aEngland and Wales _y1543- |
|
| 690 |
_aBuilding regulations _96224 |
||
| 856 | 4 | 0 |
_uhttps://www.communities.gov.uk/documents/planningandbuilding/pdf/1933878 _zView the annual report free of charge at www.communities.gov.uk |
| 942 | _n0 | ||
| 999 |
_c112455 _d112455 |
||